Word Ladder: Wall Street Quiz Stats

 Plays Quiz Updated Jul 26, 2017

Support Sporcle.
Go Orange.
Score 0/24 Timer 02:00
0 Plays Today
Hint 3-Letter Word % Correct
It appears on grass in the morning DEW
97%
Very moistWET
96.4%
A writing implementPEN
95.4%
Seating in a churchPEW
95.3%
One who celebrates ChanukkahJEW
95.1%
To purchase BUY
94.7%
A domesticated animalPET
94.3%
An insect BUG
93.2%
You might take a bath in one TUB
93.1%
A snake can unhinge this to eat large prey JAW
92.9%
A boat that pulls a bigger boatTUG
92.1%
'___ of Thieves' film starring 50 CentDEN
91%
Hint 3-Letter Word % Correct
Guantanamo ____ detention camp BAY
90.9%
Kanye West produces music in this genreRAP
87.2%
Singer BenatarPAT
87.1%
To poke someone JAB
86.5%
Large temple complex in Cambodia: Angkor ____WAT
84.3%
Guitarist Stevie ____ Vaughan RAY
84.2%
Famous Walter White quote: '___ my name!'SAY
84.1%
Mythical Greek god of the wildPAN
83.5%
A typical vehicle for LSDTAB
83.5%
Ticker for S&P 500 ETF, or James Bond's occupation•SPY•
80.9%
A Scottish soft bread rollBAP
79.7%
Founder of the Wall Street Journal Charles•DOW•
56.9%

Today's Daily Dose

Word Ladder
New Dimensions!

Quick Pick
'Animal' Fish

Get the Picture
Bird or Food?

You're not logged in!

Compare scores with friends on all Sporcle quizzes.
OR
Log In
Forgot?

From the Vault

50 Number Matching Madness

by manonthemoon

If you haven't had a chance to check out our new matching quizzes, now's your chance!
Remove Ads.
Support Sporcle.
Get the best of Sporcle when you Go Orange. This ad-free experience offers more features, more stats, and more fun while also helping to support Sporcle. Thank you for becoming a member.

Show Comments

Extras

Top Quizzes Today


Score Distribution

Your Account Isn't Verified!

In order to create a playlist on Sporcle, you need to verify the email address you used during registration. Go to your Sporcle Settings to finish the process.

Report this User

Report this user for behavior that violates our Community Guidelines.

Details: